[Event "Copenhagen Chess Challenge 2019"]
[Site "Ballerup"]
[Date "2019.05.18"]
[Round "7"]
[White "Haubro, Sigfred"]
[Black "Joensson, Jacob"]
[Result "0-1"]
[WhiteElo "2109"]
[BlackElo "1970"]
[PlyCount "142"]
[EventDate "2019.05.15"]
[EventRounds "9"]

1. Nf3 Nf6 2. b3 g6 3. Bb2 Bg7 4. e3 O-O 5. Be2 d5 6. d4 c5 7. O-O cxd4 8. exd4
Nc6 9. Nbd2 b6 10. Ne5 Bb7 11. f4 Rc8 12. a3 a6 13. Bd3 b5 14. Qe1 Qb6 15. Ndf3
Rc7 16. Kh1 Ne4 17. Qh4 Bf6 18. Ng5 h5 19. Rae1 Nxe5 20. dxe5 Bg7 21. f5 Bc8
22. Nxe4 dxe4 23. Qxe4 Bxf5 24. Rxf5 gxf5 25. Qxf5 Qg6 26. Qf2 Qh6 27. Bc1 Qh8
28. Bf4 e6 29. Qb6 Rfc8 30. h4 Rc6 31. Qd4 Bf8 32. Re3 Bc5 33. Rg3+ Kf8 34. Qe4
Be7 35. Rf3 Bxa3 36. b4 Bb2 37. Qe3 Bc3 38. Bh6+ Ke8 39. Qg5 Bxe5 40. Qe3 R8c7
41. Bg5 Bd6 42. Bf6 Qg8 43. Qe4 Qg4 44. Qh7 Qxb4 45. Qh8+ Bf8 46. Qxh5 Rxc2 47.
Bxc2 Rxc2 48. Be5 Qe7 49. Bf6 Qc7 50. Be5 Qb7 51. Qg5 Rc5 52. Rd3 Qe7 53. Qf4
Rc4 54. Rd4 Rxd4 55. Qxd4 Qc5 56. Qf4 Bh6 57. Qf6 Qc1+ 58. Kh2 Be3 59. Qh8+ Kd7
60. Qa8 Bg1+ 61. Kh3 Qe3+ 62. Bg3 Bf2 63. Qb7+ Ke8 64. Qb8+ Ke7 65. Qd6+ Kf6
66. Qf4+ Qxf4 67. Bxf4 b4 68. Bd2 a5 69. g4 Bd4 70. h5 Bc3 71. g5+ Kg7 0-1

[Event "Copenhagen Chess Challenge 2019"]
[Site "Ballerup"]
[Date "2019.05.18"]
[Round "7"]
[White "Lilja, Richard"]
[Black "Nielsen, Thomas"]
[Result "1-0"]
[WhiteElo "2103"]
[BlackElo "1933"]
[PlyCount "93"]
[EventDate "2019.05.15"]
[EventRounds "9"]

1. e4 c5 2. d4 cxd4 3. c3 dxc3 4. Nxc3 e6 5. Nf3 d6 6. Bc4 a6 7. O-O b5 8. Bb3
Nc6 9. Qe2 Ra7 10. Rd1 Rd7 11. Bf4 Na5 12. Bc2 Ne7 13. e5 d5 14. h4 Nec6 15.
Rac1 Nc4 16. Bb1 Bb7 17. Ng5 g6 18. h5 Be7 19. Nxh7 Rxh7 20. hxg6 Rh8 21. gxf7+
Kxf7 22. Rd3 Bg5 23. Qf3 Kg8 24. Qg4 N4xe5 25. Qxe6+ Nf7 26. Bxg5 Rd6 27. Qxf7+
Kxf7 28. Bxd8 Nxd8 29. Ne4 Rdh6 30. Ng3 Ne6 31. Rf3+ Ke8 32. Re3 d4 33. Re5 Kd8
34. Rd1 Kc7 35. Be4 Bxe4 36. Rxe4 Kc6 37. Rde1 Kd7 38. f3 d3 39. b4 Rg8 40. Nf5
Rf6 41. Nh4 Nf4 42. Rd4+ Kc6 43. Kf2 Rh8 44. g3 Nh3+ 45. Kg2 Ng5 46. Rxd3 Ne6
47. Re4 1-0

[Event "Copenhagen Chess Challenge 2019"]
[Site "Ballerup"]
[Date "2019.05.18"]
[Round "7"]
[White "Svendsen, Mads O"]
[Black "Nesse, David"]
[Result "0-1"]
[WhiteElo "2062"]
[BlackElo "1764"]
[PlyCount "124"]
[EventDate "2019.05.15"]
[EventRounds "9"]

1. e4 c5 2. Nf3 g6 3. d4 cxd4 4. Nxd4 Nc6 5. c4 Nf6 6. Nc3 Nxd4 7. Qxd4 d6 8.
Be3 Bg7 9. f3 O-O 10. Qd2 a5 11. b3 a4 12. bxa4 Bd7 13. Rb1 Qc8 14. Bd3 Bxa4
15. Nxa4 Rxa4 16. O-O Nd7 17. Rfc1 Ne5 18. Be2 Qa8 19. Rc2 Rc8 20. f4 Nc6 21.
Bg4 Rf8 22. h4 Ra3 23. Kh2 Qa4 24. Rxb7 Rxe3 25. Bd7 Qa6 26. Rc7 Ra3 27. Rxc6
Qb7 28. c5 Qxd7 29. cxd6 exd6 30. Qxd6 Qxd6 31. Rxd6 Rfa8 32. Rd7 R3a7 33. Rdd2
Ra4 34. Re2 Re8 35. Kg3 Raxe4 36. Rxe4 Rxe4 37. Rc8+ Bf8 38. Ra8 Kg7 39. Kf3
Rb4 40. h5 Rb7 41. h6+ Kg8 42. a4 f5 43. a5 Kf7 44. a6 Rc7 45. a7 Rc3+ 46. Ke2
Ra3 47. Kd2 Bxh6 48. g3 Bf8 49. Kc2 Bc5 50. Rh8 Rxa7 51. Rxh7+ Kf6 52. Rh8 Bf2
53. Rf8+ Rf7 54. Rc8 Bxg3 55. Rc6+ Kg7 56. Rc4 Re7 57. Kd3 Re4 58. Rxe4 fxe4+
59. Kxe4 Kf6 60. Kf3 Be1 61. Kg4 Bd2 62. f5 gxf5+ 0-1

[Event "Copenhagen Chess Challenge 2019"]
[Site "Ballerup"]
[Date "2019.05.18"]
[Round "7"]
[White "Saltvedt, Martin"]
[Black "Tenold, Andreas"]
[Result "0-1"]
[WhiteElo "2018"]
[BlackElo "1969"]
[PlyCount "56"]
[EventDate "2019.05.15"]
[EventRounds "9"]

1. d4 Nf6 2. Bg5 e6 3. Qd3 d5 4. f3 Be7 5. e4 O-O 6. Nc3 dxe4 7. fxe4 c5 8. Nf3
cxd4 9. Nxd4 e5 10. Nf5 Bxf5 11. exf5 Nc6 12. a3 Qa5 13. Bd2 Rfd8 14. Qh3 e4
15. O-O-O Qe5 16. Bc4 Nd4 17. Rhf1 b5 18. Ba2 a5 19. Be3 Bc5 20. Rd2 b4 21. Nb1
bxa3 22. bxa3 Rab8 23. Bxd4 Bxd4 24. c3 e3 25. Rc2 e2 26. Re1 Be3+ 27. Nd2 Rxd2
28. Rxe2 Rxe2+ 0-1

[Event "Copenhagen Chess Challenge 2019"]
[Site "Ballerup"]
[Date "2019.05.18"]
[Round "7"]
[White "Steenstrup, Svend"]
[Black "Andersen, Kim Nyvang"]
[Result "0-1"]
[WhiteElo "1936"]
[BlackElo "2004"]
[PlyCount "53"]
[EventDate "2019.05.15"]
[EventRounds "9"]

1. d4 Nf6 2. c4 g6 3. Nc3 Bg7 4. e4 d6 5. h3 O-O 6. Nf3 Nbd7 7. e5 Ne8 8. e6
fxe6 9. Ng5 Ndf6 10. Qe2 Qd7 11. d5 exd5 12. cxd5 Qf5 13. g4 Qe5 14. Qxe5 dxe5
15. Bc4 Nd6 16. Bb3 h6 17. Nf3 Nxg4 18. Nh4 Nxf2 19. Rh2 Nd3+ 20. Ke2 Nxc1+ 21.
Rxc1 Bf5 22. Rg1 g5 23. Nxf5 Rxf5 24. h4 Bf6 25. hxg5 Rxg5 26. Rgh1 Bg7 27. Bd1
0-1

[Event "Copenhagen Chess Challenge 2019"]
[Site "Ballerup"]
[Date "2019.05.18"]
[Round "7"]
[White "Slettebo, Jan"]
[Black "Unneland, Mathias"]
[Result "0-1"]
[WhiteElo "1920"]
[BlackElo "2009"]
[PlyCount "46"]
[EventDate "2019.05.15"]
[EventRounds "9"]

1. e4 e6 2. d4 d5 3. Nc3 Nf6 4. e5 Nfd7 5. Nf3 c5 6. dxc5 Bxc5 7. Bd3 Nc6 8.
Bf4 a6 9. O-O h6 10. Bg3 g5 11. Re1 h5 12. h4 Be7 13. hxg5 Bxg5 14. Nxd5 exd5
15. e6 Nc5 16. exf7+ Kxf7 17. Nxg5+ Qxg5 18. Qf3+ Kg7 19. Bf4 Qg4 20. Re7+ Kf8
21. Bd6+ Qxf3 22. Rc7+ Kg8 23. gxf3 Ne6 0-1

[Event "Copenhagen Chess Challenge 2019"]
[Site "Ballerup"]
[Date "2019.05.18"]
[Round "7"]
[White "Sorensen, Per Settergren"]
[Black "Saravana, Vedant Kumar"]
[Result "1/2-1/2"]
[WhiteElo "2030"]
[BlackElo "1845"]
[PlyCount "94"]
[EventDate "2019.05.15"]
[EventRounds "9"]

1. Nf3 d5 2. g3 Nf6 3. Bg2 Nc6 4. d4 Bf5 5. O-O e6 6. a3 Bd6 7. Nbd2 Ne7 8. c4
c6 9. b4 dxc4 10. Nxc4 Bc7 11. Bb2 O-O 12. Rc1 Ned5 13. Re1 Nb6 14. Na5 Rb8 15.
Ne5 Nbd7 16. e4 Bg6 17. Nxg6 hxg6 18. Nc4 Re8 19. e5 Nd5 20. h4 N7b6 21. Nd2
Ne7 22. Qc2 Nf5 23. Nf3 Nd7 24. Red1 Qe7 25. Ba1 Nb6 26. Qe4 Nd5 27. Qe1 Ra8
28. Nd2 Red8 29. Nb3 a5 30. Nc5 Bb6 31. Bc3 Bxc5 32. dxc5 Nxc3 33. Qxc3 Qc7 34.
Be4 axb4 35. axb4 Rxd1+ 36. Rxd1 Rd8 37. Rxd8+ Qxd8 38. Qd3 Qxd3 39. Bxd3 Ne7
40. Bc4 Nd5 41. Bxd5 exd5 42. f4 Kf8 43. Kf2 Ke7 44. Ke3 Ke6 45. g4 f6 46. Kd4
fxe5+ 47. fxe5 Ke7 1/2-1/2

[Event "Copenhagen Chess Challenge 2019"]
[Site "Ballerup"]
[Date "2019.05.18"]
[Round "7"]
[White "Bendixen, Daniel"]
[Black "Kreken, Eivind Grunt"]
[Result "0-1"]
[WhiteElo "1957"]
[BlackElo "1634"]
[PlyCount "44"]
[EventDate "2019.05.15"]
[EventRounds "9"]

1. e4 e5 2. Nf3 Nc6 3. d4 exd4 4. Nxd4 Bb4+ 5. c3 Bc5 6. Nxc6 bxc6 7. Bc4 d5 8.
Bb3 Ne7 9. O-O O-O 10. Bc2 Rb8 11. Qe2 h6 12. Nd2 Re8 13. Qh5 Ng6 14. Nb3 Bd6
15. exd5 Ba6 16. Bxg6 fxg6 17. Qxg6 Bxf1 18. Bxh6 Qe7 19. Rxf1 Bxh2+ 20. Kh1
Bd6 21. Qg4 Qf6 22. Be3 Rxe3 0-1

[Event "Copenhagen Chess Challenge 2019"]
[Site "Ballerup"]
[Date "2019.05.18"]
[Round "7"]
[White "Kallenbach, Uffe"]
[Black "Koch Mueller, Oscar"]
[Result "0-1"]
[WhiteElo "1644"]
[BlackElo "1919"]
[PlyCount "68"]
[EventDate "2019.05.15"]
[EventRounds "9"]

1. d4 Nf6 2. Nf3 e6 3. c4 b6 4. Bg5 h6 5. Bh4 Bb4+ 6. Nc3 g5 7. Bg3 Ne4 8. Qc2
Bxc3+ 9. bxc3 Nxg3 10. hxg3 Nc6 11. d5 Na5 12. e4 Ba6 13. Qa4 Qf6 14. Nd4 Qe5
15. Bd3 exd5 16. O-O dxc4 17. f4 gxf4 18. gxf4 Qg7 19. Bc2 Rg8 20. Rf2 Bb7 21.
Qa3 c5 22. Nf5 Qg6 23. e5 Qc6 24. Nd6+ Kf8 25. Be4 Qc7 26. Bxb7 Nxb7 27. Nxc4
Nd8 28. Rd1 Ne6 29. Rd6 Qb7 30. Qc1 Qe4 31. Nd2 Qe3 32. Qf1 Nxf4 33. Kh2 Qg3+
34. Kh1 Qh4+ 0-1

[Event "Copenhagen Chess Challenge 2019"]
[Site "Ballerup"]
[Date "2019.05.18"]
[Round "7"]
[White "Wahlgreen, Noah Krug"]
[Black "Falkesgaard, Jeppe Hald"]
[Result "1/2-1/2"]
[WhiteElo "1721"]
[BlackElo "1878"]
[PlyCount "65"]
[EventDate "2019.05.15"]
[EventRounds "9"]

1. d4 Nf6 2. Nc3 d5 3. Nf3 e6 4. e3 c5 5. Be2 Nc6 6. O-O Bd6 7. b3 cxd4 8. exd4
O-O 9. Bb2 Bd7 10. Qd2 Rc8 11. Nb5 Bb8 12. c4 Ne4 13. Qe3 Qf6 14. Bd3 a6 15.
Nc3 Nxc3 16. Bxc3 Ne7 17. Ne5 Rfd8 18. Ba5 Bc7 19. Bxc7 Rxc7 20. Nxd7 Rdxd7 21.
Rad1 Kh8 22. c5 Nc6 23. Bb1 Rd8 24. f4 Qh6 25. Rf3 g6 26. b4 Re7 27. Qc3 Qg7
28. a4 f6 29. b5 Nb8 30. Re1 e5 31. Rfe3 e4 32. Ba2 f5 33. Qb2 1/2-1/2

[Event "Copenhagen Chess Challenge 2019"]
[Site "Ballerup"]
[Date "2019.05.18"]
[Round "7"]
[White "Lye, Sigurd"]
[Black "Werner, Jakob"]
[Result "1/2-1/2"]
[WhiteElo "1574"]
[BlackElo "1686"]
[PlyCount "81"]
[EventDate "2019.05.15"]
[EventRounds "9"]

1. e4 d6 2. d4 Nf6 3. Nc3 g6 4. f4 Bg7 5. Nf3 O-O 6. h3 c5 7. Be3 cxd4 8. Bxd4
Nc6 9. Be3 a6 10. Nd4 Nxd4 11. Bxd4 b5 12. a3 Bb7 13. Bd3 Rc8 14. O-O e6 15. f5
e5 16. Be3 d5 17. exd5 Nxd5 18. Nxd5 Qxd5 19. Qd2 e4 20. f6 exd3 21. fxg7 Rfe8
22. c4 bxc4 23. Rf2 Rc6 24. Bh6 Rcc8 25. Re1 f5 26. Rxe8+ Rxe8 27. Qb4 Qf7 28.
Qf8+ Rxf8 29. gxf8=Q+ Qxf8 30. Bxf8 Kxf8 31. Kf1 Ke7 32. g4 Be4 33. gxf5 Bxf5
34. h4 Ke6 35. Rf4 Kd5 36. Ke1 Be6 37. Kd2 Ke5 38. Rf8 Bd7 39. Rf7 Bb5 40. Rxh7
Kf5 41. h5 1/2-1/2

[Event "Copenhagen Chess Challenge 2019"]
[Site "Ballerup"]
[Date "2019.05.18"]
[Round "7"]
[White "Pihl, William"]
[Black "Andersen, Daniel"]
[Result "1-0"]
[WhiteElo "1496"]
[BlackElo "1862"]
[PlyCount "135"]
[EventDate "2019.05.15"]
[EventRounds "9"]

1. e4 e6 2. d4 d5 3. exd5 Qxd5 4. Nc3 Bb4 5. Nf3 Nf6 6. Bd3 O-O 7. O-O Bxc3 8.
bxc3 b6 9. c4 Qd8 10. Bg5 Bb7 11. c3 Nbd7 12. Ne5 Qe8 13. Nxd7 Nxd7 14. Re1 f6
15. Bd2 Qf7 16. Re3 Rfd8 17. Rg3 Nf8 18. Bh6 Ng6 19. Bxg6 hxg6 20. Be3 c5 21.
Qg4 cxd4 22. cxd4 Ba6 23. c5 bxc5 24. dxc5 Bd3 25. h3 e5 26. Qb4 f5 27. f4 e4
28. a3 Kh7 29. Bd4 Rab8 30. Qa4 Qd5 31. Be3 a6 32. Qa5 Rd7 33. Qe1 Rb2 34. Rg5
Qc6 35. Qh4+ Kg8 36. Qg3 Kf7 37. h4 Qf6 38. Rc1 Rb1 39. Rxb1 Bxb1 40. Kh2 Rd3
41. Qf2 Qc3 42. Rg3 Qxa3 43. Bd4 Rxg3 44. Qxg3 Qxg3+ 45. Kxg3 Ke6 46. Bxg7 Kd5
47. Bf8 Ba2 48. Kf2 Kd4 49. c6 e3+ 50. Ke1 Ke4 51. c7 Be6 52. Bd6 a5 53. Kd1
Bc8 54. Ke1 a4 55. Ke2 Ba6+ 56. Ke1 Kd3 57. Kd1 Kc3 58. Be5+ Kb3 59. g4 fxg4
60. f5 gxf5 61. h5 a3 62. h6 f4 63. h7 f3 64. h8=Q f2 65. Qg8+ Bc4 66. Qxc4+
Kxc4 67. c8=Q+ Kd3 68. Qc2# 1-0

[Event "Copenhagen Chess Challenge 2019"]
[Site "Ballerup"]
[Date "2019.05.18"]
[Round "7"]
[White "Hentley, Darryl"]
[Black "Knudsen, Jan"]
[Result "0-1"]
[WhiteElo "1529"]
[BlackElo "1600"]
[PlyCount "100"]
[EventDate "2019.05.15"]
[EventRounds "9"]

1. d4 f5 2. g4 fxg4 3. e4 d6 4. Nc3 Nc6 5. Bf4 Nf6 6. Bb5 a6 7. Be2 Nh5 8. Bg3
Nxg3 9. hxg3 e5 10. dxe5 Nxe5 11. f4 gxf3 12. Nxf3 Nxf3+ 13. Bxf3 Qg5 14. Kf2
Be6 15. Rh5 Qf6 16. e5 dxe5 17. Ne4 Qf7 18. Rxe5 Be7 19. Qe2 O-O 20. Nd2 Rae8
21. Kg2 Bd6 22. Rxe6 Rxe6 23. Qd3 c6 24. Ne4 Be7 25. Rh1 g6 26. a3 Rd8 27. Qe2
Rf8 28. Rf1 Qf5 29. Qd3 Rd8 30. Qc4 Kg7 31. Nf2 Red6 32. Nd3 Qb5 33. Qe4 Qg5
34. Re1 R8d7 35. Bg4 Rc7 36. Nf4 Qxg4 37. Qe5+ Kg8 38. Re2 Qg5 39. Qc3 Qf6 40.
Qb3+ Kg7 41. Ne6+ Rxe6 42. Rxe6 Qf7 43. Qe3 Bf6 44. Re4 Re7 45. b3 Qd5 46. Kf3
Rxe4 47. Qxe4 Qxe4+ 48. Kxe4 Kf7 49. c4 Ke6 50. g4 h5 0-1

[Event "Copenhagen Chess Challenge 2019"]
[Site "Ballerup"]
[Date "2019.05.19"]
[Round "8"]
[White "Haub, Thorsten Michael"]
[Black "Chatalbashev, Boris"]
[Result "1/2-1/2"]
[WhiteElo "2398"]
[BlackElo "2514"]
[PlyCount "62"]
[EventDate "2019.05.15"]
[EventRounds "9"]

1. e4 c5 2. Nf3 Nc6 3. Bb5 g6 4. O-O Bg7 5. Re1 Nf6 6. c3 O-O 7. d3 d6 8. Bxc6
bxc6 9. e5 Nd5 10. Qa4 Bf5 11. Qxc6 dxe5 12. Nxe5 Rc8 13. Qa4 Qc7 14. Ng4 Bxd3
15. Bh6 Rfd8 16. Bxg7 Kxg7 17. Na3 Nb6 18. Qb3 c4 19. Qd1 Rd5 20. Qf3 f5 21.
Ne3 Re5 22. Nec2 Rxe1+ 23. Nxe1 Be4 24. Qe2 Nd5 25. f3 Nf4 26. Qe3 Ba8 27. Rd1
Qb6 28. Qxb6 axb6 29. Kf2 Ne6 30. Rd2 Kf6 31. Nec2 Rc5 1/2-1/2

[Event "Copenhagen Chess Challenge 2019"]
[Site "Ballerup"]
[Date "2019.05.19"]
[Round "8"]
[White "Burmakin, Vladimir"]
[Black "Haldorsen, Benjamin"]
[Result "1/2-1/2"]
[WhiteElo "2519"]
[BlackElo "2437"]
[PlyCount "81"]
[EventDate "2019.05.15"]
[EventRounds "9"]

1. Nf3 c5 2. e3 Nf6 3. b3 g6 4. Bb2 Bg7 5. c4 Nc6 6. Be2 O-O 7. O-O d5 8. cxd5
Qxd5 9. Nc3 Qd7 10. Na4 b6 11. d4 cxd4 12. Nxd4 Nxd4 13. Qxd4 Bb7 14. Qxd7 Nxd7
15. Bxg7 Kxg7 16. Rfd1 Nf6 17. f3 Rfd8 18. e4 Rxd1+ 19. Rxd1 Rc8 20. Rd2 Rc1+
21. Bd1 g5 22. Kf1 g4 23. Ke1 gxf3 24. gxf3 e6 25. Rg2+ Kf8 26. Kd2 Rc7 27. Nc3
h6 28. Be2 Rc5 29. b4 Rc7 30. Rg1 Rd7+ 31. Ke3 Ne8 32. Rd1 Rxd1 33. Nxd1 Kg7
34. Nc3 Nc7 35. e5 Nd5+ 36. Nxd5 Bxd5 37. a3 f5 38. f4 Kf7 39. Kd4 Ke7 40. Bd3
Bc6 41. Bc4 1/2-1/2

[Event "Copenhagen Chess Challenge 2019"]
[Site "Ballerup"]
[Date "2019.05.19"]
[Round "8"]
[White "Brynell, Stellan"]
[Black "Okhotnik, Vladimir"]
[Result "1/2-1/2"]
[WhiteElo "2406"]
[BlackElo "2347"]
[PlyCount "60"]
[EventDate "2019.05.15"]
[EventRounds "9"]

1. d4 Nf6 2. c4 g6 3. Nc3 d5 4. Nf3 Bg7 5. cxd5 Nxd5 6. e3 O-O 7. Bc4 Nb6 8.
Bb3 c5 9. O-O cxd4 10. exd4 Bg4 11. d5 N8d7 12. h3 Bxf3 13. Qxf3 Nc5 14. Be3
Nxb3 15. axb3 Bxc3 16. Bxb6 Qxb6 17. bxc3 e6 18. dxe6 Qxe6 19. c4 Qb6 20. Rad1
Rad8 21. Rfe1 Rxd1 22. Rxd1 Qc7 23. Rd5 Re8 24. g3 Qc6 25. Kg2 a6 26. h4 h5 27.
Rd4 Re6 28. Qxc6 Rxc6 29. Kf3 Rb6 30. Rd3 Kf8 1/2-1/2

[Event "Copenhagen Chess Challenge 2019"]
[Site "Ballerup"]
[Date "2019.05.19"]
[Round "8"]
[White "Jaksland, Tim"]
[Black "Ertan, Can"]
[Result "0-1"]
[WhiteElo "2213"]
[BlackElo "2391"]
[PlyCount "60"]
[EventDate "2019.05.15"]
[EventRounds "9"]

1. Nf3 Nf6 2. c4 e6 3. g3 d5 4. Bg2 Be7 5. O-O O-O 6. b3 d4 7. e3 c5 8. exd4
cxd4 9. d3 Nc6 10. Re1 Re8 11. Na3 Bb4 12. Re2 e5 13. Nc2 Bc3 14. Rb1 e4 15.
Ng5 exd3 16. Rxe8+ Qxe8 17. Qxd3 Ne5 18. Qd1 Bf5 19. Bd2 Rd8 20. f3 h6 21. Ne4
Nxf3+ 22. Bxf3 Nxe4 23. Bxe4 Bxe4 24. Rc1 Bc6 25. Bxc3 Qe4 26. Qd2 Qh1+ 27. Kf2
Qxh2+ 28. Kf1 Qh1+ 29. Kf2 Qg2+ 30. Ke1 Re8+ 0-1

[Event "Copenhagen Chess Challenge 2019"]
[Site "Ballerup"]
[Date "2019.05.19"]
[Round "8"]
[White "Hacker, Jonas"]
[Black "Ramsdal, Jens Albert"]
[Result "0-1"]
[WhiteElo "2386"]
[BlackElo "2245"]
[PlyCount "100"]
[EventDate "2019.05.15"]
[EventRounds "9"]

1. e4 c5 2. Nf3 Nc6 3. d4 cxd4 4. Nxd4 Nf6 5. Nc3 e5 6. Ndb5 d6 7. Bg5 a6 8.
Na3 b5 9. Bxf6 gxf6 10. Nd5 f5 11. c3 Bg7 12. Bd3 Be6 13. Qh5 O-O 14. exf5 Bxd5
15. f6 e4 16. fxg7 Re8 17. Be2 Re5 18. Qh6 b4 19. Nc2 bxc3 20. bxc3 Qa5 21. O-O
Be6 22. c4 Rg5 23. Qh4 Re8 24. Qxe4 Bd7 25. Qf3 Ne5 26. Qf6 Re6 27. Qxg5 Nf3+
28. Bxf3 Qxg5 29. Ne3 Kxg7 30. Rfd1 Rh6 31. Rd5 Qf4 32. h3 Be6 33. Ra5 Bxh3 34.
gxh3 Rxh3 35. Nf5+ Kf6 36. Bg2 Rh5 37. Rd1 Rxf5 38. Rxf5+ Kxf5 39. c5 dxc5 40.
Rd5+ Kf6 41. Rxc5 Qa4 42. Bd5 h5 43. Bb3 Qg4+ 44. Kh1 Qf3+ 45. Kg1 h4 46. Rc7
Qg4+ 47. Kf1 h3 48. Rxf7+ Kg6 49. Rf8 Qg2+ 50. Ke2 Qe4+ 0-1

[Event "Copenhagen Chess Challenge 2019"]
[Site "Ballerup"]
[Date "2019.05.19"]
[Round "8"]
[White "Vasli, Aref"]
[Black "Kaasen, Tor Fredrik"]
[Result "0-1"]
[WhiteElo "2346"]
[BlackElo "2398"]
[PlyCount "96"]
[EventDate "2019.05.15"]
[EventRounds "9"]

1. e4 c5 2. Nf3 d6 3. d4 cxd4 4. Nxd4 Nf6 5. Nc3 a6 6. h3 e6 7. g4 Be7 8. Bg2
Nfd7 9. O-O Nc6 10. Nce2 O-O 11. c3 Qc7 12. f4 Re8 13. g5 e5 14. Nf5 Bf8 15.
Ne3 exf4 16. Nd5 Qd8 17. Nexf4 Nce5 18. Be3 b5 19. b3 Bb7 20. Nh5 Rc8 21. Qd2
Ng6 22. Rae1 Re5 23. Ng3 Nc5 24. Bd4 Qxg5 25. Qf2 Bxd5 26. exd5 Rxe1 27. Qxe1
Nd3 28. Qe3 Qxe3+ 29. Bxe3 Rxc3 30. Bd4 Rc8 31. Be4 Nc5 32. Bf5 Rd8 33. b4 Nd7
34. Rc1 Nge5 35. Kf2 g6 36. Bb1 Bg7 37. Ne4 Nc4 38. Bxg7 Kxg7 39. a4 Nde5 40.
axb5 axb5 41. Nc3 Na3 42. Ne4 h6 43. Ke3 Nec4+ 44. Kd4 Re8 45. Bd3 f5 46. Nc3
Nd2 47. Bc2 Nxc2+ 48. Rxc2 Nf3+ 0-1

[Event "Copenhagen Chess Challenge 2019"]
[Site "Ballerup"]
[Date "2019.05.19"]
[Round "8"]
[White "Strange, Mikkel"]
[Black "Antonsen, Mikkel"]
[Result "0-1"]
[WhiteElo "2368"]
[BlackElo "2423"]
[PlyCount "86"]
[EventDate "2019.05.15"]
[EventRounds "9"]

1. e4 c5 2. c3 Nf6 3. e5 Nd5 4. d4 cxd4 5. cxd4 Nc6 6. Nf3 d6 7. Bc4 dxe5 8.
Bxd5 Qxd5 9. Nc3 Qd6 10. d5 Nd4 11. Nxd4 exd4 12. Qxd4 e5 13. Qd3 Be7 14. Nb5
Qd7 15. d6 O-O 16. Be3 b6 17. Rd1 Bd8 18. O-O Bb7 19. Nc3 Rc8 20. f3 Re8 21.
Rfe1 Re6 22. Ne4 Bxe4 23. Qxe4 Rxd6 24. Rxd6 Qxd6 25. Qa4 Qc6 26. Qg4 Rc7 27.
Rd1 Qe8 28. Bh6 f5 29. Qg3 Rd7 30. Re1 Qg6 31. Be3 Qxg3 32. hxg3 Kf7 33. Kf2 h5
34. Ke2 Rc7 35. Kd3 Bf6 36. Rh1 g6 37. a4 e4+ 38. fxe4 fxe4+ 39. Kxe4 Rc4+ 40.
Kd5 Rxa4 41. Rf1 Ke7 42. Rf2 Rb4 43. Bc1 Rd4+ 0-1

[Event "Copenhagen Chess Challenge 2019"]
[Site "Ballerup"]
[Date "2019.05.19"]
[Round "8"]
[White "Sidali, Elias Hulleberg"]
[Black "Haubro, Martin"]
[Result "0-1"]
[WhiteElo "1953"]
[BlackElo "2380"]
[PlyCount "42"]
[EventDate "2019.05.15"]
[EventRounds "9"]

1. e4 c5 2. Nf3 d6 3. d4 cxd4 4. Nxd4 Nf6 5. Nc3 a6 6. Bg5 e6 7. f4 h6 8. Bh4
Qb6 9. Qd2 Qxb2 10. Rb1 Qa3 11. Bd3 Be7 12. e5 dxe5 13. fxe5 Nfd7 14. Bxe7 Qxe7
15. Nf3 Nc6 16. Ne4 Ndxe5 17. O-O Nxd3 18. Qxd3 O-O 19. Nd6 Rd8 20. Rfd1 e5 21.
Rb6 e4 0-1

[Event "Copenhagen Chess Challenge 2019"]
[Site "Ballerup"]
[Date "2019.05.19"]
[Round "8"]
[White "French, Max"]
[Black "Hoi, Carsten"]
[Result "1-0"]
[WhiteElo "2178"]
[BlackElo "2341"]
[PlyCount "71"]
[EventDate "2019.05.15"]
[EventRounds "9"]

1. d4 Nf6 2. c4 d6 3. Nc3 e5 4. d5 Nbd7 5. e4 Nc5 6. f3 a5 7. Be3 Be7 8. Qd2
Bd7 9. O-O-O Qb8 10. g4 a4 11. h4 Qa7 12. Nh3 Qa5 13. Nb1 Qxd2+ 14. Rxd2 h5 15.
g5 Nh7 16. Nf2 Nf8 17. Bxc5 dxc5 18. Nd3 Ng6 19. Bh3 Bxh3 20. Rxh3 Bd6 21. Nc3
Kd7 22. Nd1 Rhb8 23. Ne3 Nf4 24. Rh1 g6 25. Ng2 b5 26. Ngxf4 bxc4 27. Rc2 a3
28. Rxc4 axb2+ 29. Kb1 Ra3 30. Rd1 exf4 31. e5 Rxd3 32. e6+ fxe6 33. dxe6+ Kxe6
34. Rxd3 Kd7 35. Rxf4 Kc6 36. Re4 1-0

[Event "Copenhagen Chess Challenge 2019"]
[Site "Ballerup"]
[Date "2019.05.19"]
[Round "8"]
[White "Jacobsen, Mikkel Manosri"]
[Black "Eriksson, Christian Altenburg"]
[Result "1-0"]
[WhiteElo "2319"]
[BlackElo "2146"]
[PlyCount "87"]
[EventDate "2019.05.15"]
[EventRounds "9"]

1. d4 d5 2. c4 c6 3. Nf3 Nf6 4. e3 Bf5 5. Nbd2 e6 6. b3 Nbd7 7. Bb2 Ne4 8. Be2
Qa5 9. O-O Nxd2 10. Nxd2 Ba3 11. Bxa3 Qxa3 12. cxd5 cxd5 13. g4 Bg6 14. f4 f5
15. Bb5 Qd6 16. Nf3 O-O 17. Bxd7 Qxd7 18. Ne5 Qe8 19. g5 Bh5 20. Qd2 Qe7 21.
Rfc1 Rfc8 22. Rc3 Rxc3 23. Qxc3 Qa3 24. Rc1 Re8 25. Rc2 b6 26. Kf2 Qe7 27. h4
h6 28. Qc7 hxg5 29. hxg5 Kh7 30. Qxe7 Rxe7 31. Ke1 Be8 32. Rc8 g6 33. Kd2 Kg7
34. a4 Kh7 35. Kc3 Kg7 36. Kb4 Kh7 37. Ka3 Kg7 38. b4 Kh7 39. b5 Kg7 40. Kb4
Kh7 41. Nc6 Bxc6 42. bxc6 Kg7 43. c7 a6 44. Rg8+ 1-0

[Event "Copenhagen Chess Challenge 2019"]
[Site "Ballerup"]
[Date "2019.05.19"]
[Round "8"]
[White "Nielsen, Viktor Haarmark"]
[Black "Fossan, Aleksander"]
[Result "1/2-1/2"]
[WhiteElo "2279"]
[BlackElo "2075"]
[PlyCount "125"]
[EventDate "2019.05.15"]
[EventRounds "9"]

1. e4 c5 2. Nf3 Nc6 3. d4 cxd4 4. Nxd4 g6 5. c4 Nf6 6. Nc3 Nxd4 7. Qxd4 d6 8.
Be3 Bg7 9. Be2 O-O 10. Qd2 a5 11. O-O a4 12. Rfd1 Qa5 13. Rac1 Be6 14. f3 Rfc8
15. Nb5 Qxd2 16. Rxd2 Nd7 17. Nd4 Nc5 18. Rb1 Bd7 19. Bf1 Be5 20. g3 Bf6 21.
Kf2 Kf8 22. Nc2 a3 23. Nxa3 Be6 24. Bd4 Bxd4+ 25. Rxd4 Na4 26. Rd3 Nb6 27. Rc3
Ra4 28. Rbc1 Nd7 29. Be2 Nc5 30. Bd1 Rb4 31. Rb1 Ra8 32. Be2 Rba4 33. Ke3 f6
34. Bd1 Rb4 35. Bb3 Na4 36. Bxa4 Raxa4 37. Kd3 b5 38. Kc2 bxc4 39. Rd1 Ra7 40.
Kc1 Rab7 41. Rd2 Kg7 42. Rdc2 Ra7 43. Kb1 Rba4 44. Rd2 f5 45. Nb5 R7a5 46. Nd4
Kf6 47. Nxe6 Kxe6 48. Re2 Kf6 49. a3 d5 50. exd5 Rxd5 51. f4 e5 52. fxe5+ Rxe5
53. Rce3 Rxe3 54. Rxe3 g5 55. Kc2 f4 56. gxf4 gxf4 57. Re8 Kg5 58. Kd2 Ra6 59.
Rg8+ Kf5 60. Rf8+ Kg4 61. Ke2 Rb6 62. Rg8+ Kh4 63. Kf3 1/2-1/2

[Event "Copenhagen Chess Challenge 2019"]
[Site "Ballerup"]
[Date "2019.05.19"]
[Round "8"]
[White "Liu, Casper Yukun"]
[Black "Thorsbro, Peter"]
[Result "1/2-1/2"]
[WhiteElo "2228"]
[BlackElo "2116"]
[PlyCount "166"]
[EventDate "2019.05.15"]
[EventRounds "9"]

1. b3 e5 2. Bb2 Nc6 3. e3 g6 4. Nf3 Bg7 5. Bb5 Nge7 6. O-O O-O 7. d3 a6 8. Bxc6
Nxc6 9. e4 d6 10. Nc3 f5 11. exf5 gxf5 12. Nd2 f4 13. Re1 Rf7 14. h3 Qh4 15.
Nf3 Qh5 16. d4 Bf6 17. Nd5 Bxh3 18. dxe5 Qg4 19. Nxf6+ Rxf6 20. Qd5+ Rf7 21.
Nh2 Qg6 22. Qf3 Be6 23. exd6 cxd6 24. Rad1 Rd8 25. c4 Rf5 26. Qg4 Kf7 27. Rd2
Rg8 28. Qxg6+ Rxg6 29. Nf3 Rh5 30. Rxd6 Rgh6 31. g4 Bxg4 32. Ng5+ Kf8 33. Rxh6
Rxh6 34. Bc1 Rg6 35. Bxf4 h6 36. Ne4 Nd4 37. Re3 Ne2+ 38. Rxe2 Bxe2+ 39. Bg3
Bf3 40. Nc5 Kf7 41. Nd3 Rf6 42. Kf1 Ke6 43. Ke1 Kf5 44. Kd2 Re6 45. a4 Re2+ 46.
Kc3 h5 47. b4 Re4 48. c5 h4 49. Bh2 Re2 50. b5 axb5 51. axb5 Be4 52. c6 bxc6
53. b6 c5 54. Nxc5 Rc2+ 55. Kd4 Bc6 56. b7 Bxb7 57. Nxb7 Rxf2 58. Bd6 Rd2+ 59.
Ke3 Rb2 60. Nc5 h3 61. Nd3 h2 62. Bxh2 Rxh2 63. Kd4 Rh8 64. Nf2 Rd8+ 65. Ke3
Rd7 66. Nd3 Ra7 67. Kd4 Ra4+ 68. Kd5 Rh4 69. Nc5 Rh8 70. Kd4 Rd8+ 71. Ke3 Rd6
72. Nd3 Rd5 73. Nf2 Ra5 74. Nd3 Ra4 75. Kf3 Rh4 76. Ke3 Ke6 77. Nf4+ Kf5 78.
Nd3 Re4+ 79. Kf3 Re8 80. Nf4 Ke5 81. Ke3 Kf5+ 82. Kf3 Re4 83. Nd3 Rh4 1/2-1/2